000 01003nam a2200217Ia 4500
999 _c36212
_d36212
001 2115
003 GE_BSU
005 20190523145923.0
008 181216s1970||||ge |||||||||||||| ||geo||
040 _cGE_BSU
041 _ageo
080 _a91(075.8)+94(075.8) ჩ–20
100 _aჩანგაშვილი, გიორგი
_91526
245 _bგეოგრაფიულ-ისტორიული ნარკვევი /
_aსაინგილო :
_cგიორგი ჩანგაშვილი ; ვახუშტის სახ. გეოგრაფიის ინ-ტი.
264 _aთბილისი :
_b მეცნიერება,
_c1970.
300 _a65 გვ. :
_bილ. ;
_c22 სმ.
653 _aსაინგილოს გეოგრაფია
653 _aსაინგილოს ისტორია
710 _aვახუშტის სახ. გეოგრაფიის ინ-ტი
_91527
942 _cBK
_2udc